00342nam a2200145Ia 4500003000400000005001700004008004100021040000700062041000800069082002300077100002300100245002400123260003600147365001300183OSt20230607112929.0210423s2006 xx 000 0 und d cAL aeng a658.404 223bMERP aMEREDITH (Jack R). aProject management. aNew DelhibWiley and Sonsc2006 b399cINR